Caricamento...
People of Asia /
| Autore principale: | |
|---|---|
| Natura: | Printed Book |
| Lingua: | English |
| Pubblicazione: |
London :
Weidenfield & Nicolson,
1977.
|
| Serie: | People of the world series. Ed by Sonia cole
|
| LEADER | 00518nam a2200145Ia 4500 | ||
|---|---|---|---|
| 008 | 150624b xxu||||| |||| 00| 0 eng d | ||
| 082 | |a 301.2095 | ||
| 100 | |a Bowles, Gordon T. | ||
| 245 | |a People of Asia / |c Gordon T. Bowles | ||
| 260 | |a London : |b Weidenfield & Nicolson, |c 1977. | ||
| 300 | |a 414 p. | ||
| 490 | |a People of the world series. Ed by Sonia cole | ||
| 942 | |c BK | ||
| 999 | |c 25358 |d 25358 | ||
| 952 | |0 0 |1 0 |4 0 |6 301_209500000000000_BOW_P |7 0 |9 25357 |a UL |b UL |c SEC |d 1998-09-01 |l 0 |o 301.2095 BOW/P |p 36713 |r 2012-10-27 |w 2012-10-27 |y BK | ||